新今宮駅・動物園前駅から出ている行き先 - Statistics

General Stats
  • This quiz has been taken 171 times
  • The average score is 43 of 56
Answer Stats
Answer % Correct
天王寺
99%
天王寺
99%
大阪
98%
奈良
96%
和歌山
95%
京橋
94%
関西空港
93%
関西空港
93%
新大阪
93%
王寺
91%
京都
91%
和歌山市
91%
加茂
90%
中百舌鳥
90%
江坂
88%
87%
日根野
87%
橋本
87%
箕面萱野
87%
御坊
86%
天下茶屋
85%
JR難波
85%
中津
83%
桜島
81%
極楽橋
81%
天神橋筋六丁目
81%
高槻市
81%
和歌山港
80%
京都河原町
79%
我孫子
78%
淡路
78%
北千里
78%
林間田園都市
77%
河内長野
76%
難波
75%
難波
75%
柏原
74%
海南
74%
泉佐野
74%
茨木市
74%
新金岡
73%
東岸和田
72%
高田
69%
五条
69%
和泉中央
69%
正雀
69%
みさき公園
68%
金剛
63%
湯浅
56%
恵美須町
54%
羽倉崎
53%
三日市町
48%
北野田
47%
千代田
40%
我孫子道
36%
樽井
32%
No matching quizzes found
Score Distribution
Percent of People with Each Score
Percentile by Number Answered
Your Score History
You have not taken this quiz